书目信息 |
| 题名: |
辛弃疾词选/:汉英对照
|
|
| 作者: | 辛弃疾 著 | |
| 分册: | ||
| 出版信息: | 北京 中国文学出版社 1999.01 |
|
| 页数: | 86页 | |
| 开本: | 64开 | |
| 丛书名: | ||
| 单 册: | ||
| 中图分类: | I222.844 | |
| 科图分类: | ||
| 主题词: | 诗歌--中国 , 韵文--中国 | |
| 电子资源: | ||
| ISBN: | 7-5071-0502-4 | |
| 000 | 00597nam0 2200205 45 | |
| 001 | 0009082116 | |
| 005 | 20000908213219.1 | |
| 010 | @a7-5071-0502-4@d4.50元 | |
| 100 | @a20000908d1999 km y0chiy0120 ea | |
| 101 | 0 | @achi |
| 105 | @a z 000yy | |
| 200 | 1 | @a辛弃疾词选/:汉英对照@AXin Qi Ji Ci Xuan/:Han Ying Dui Zhao@f(宋)辛弃疾著@F(Song)Xin Qi Ji Zhu |
| 210 | @a北京@c中国文学出版社@d1999.01 | |
| 215 | @a86页@d64开 | |
| 606 | 0 | @a诗歌@x中国 |
| 606 | 0 | @a韵文@x中国 |
| 690 | @aI222.844@v3 | |
| 701 | 0 | @a辛弃疾@4著 |
| 801 | @aCN@bPftUser@c20000908 | |
| 905 | @b129848-852@dI222.844@eZH:861@f5 | |
| 辛弃疾词选/:汉英对照/(宋)辛弃疾著.-北京:中国文学出版社,1999.01 |
| 86页;64开 |
| ISBN 7-5071-0502-4:4.50元 |
| ● |
| 相关链接 |
|
|
|
正题名:辛弃疾词选/:汉英对照
索取号:I222.844/ZH:861
 
预约/预借
| 序号 | 登录号 | 条形码 | 馆藏地/架位号 | 状态 | 备注 |
| 1 | 129848 | 201298489 | 社科二线400B/400B社科库 11排4列3层/ [索取号:I222.844/ZH:861] | 在馆 | |
| 2 | 129849 | 201298498 | 文学库108/ [索取号:I222.844/ZH:861] | 在馆 | |
| 3 | 129850 | 201298504 | 社科二线400B/400B社科库 11排4列3层/ [索取号:I222.844/ZH:861] | 在馆 | |
| 4 | 129851 | 201298513 | 社科二线400B/400B社科库 11排4列3层/ [索取号:I222.844/ZH:861] | 在馆 | |
| 5 | 129852 | 201298522 | 文学库108/ [索取号:I222.844/ZH:861] | 在馆 |